| 000 | 00503cam a2200193 4500 | ||
|---|---|---|---|
| 001 | 23441 | ||
| 005 | 20230410130843.0 | ||
| 008 | 060907n2004 dr spa | ||
| 020 | _a8498150019 | ||
| 035 | _9funglode23609 | ||
| 041 | _aES | ||
| 050 | 1 | 4 |
_aPQ 6603 _bB264a 2004 |
| 100 | 1 |
_aBaroja, Pío, _d1872-1956. |
|
| 245 | 1 | 3 |
_aEl árbol de la ciencia / _cPío Baroja |
| 260 |
_aMadrid : _bDiario El País, _c2004 |
||
| 300 | _a285 p. | ||
| 440 |
_aClásicos españoles ; _v35 |
||
| 942 |
_2lcc _cbk |
||
| 999 |
_c81592 _d81592 |
||